| 000 | 00613nam a2200205 a 4500 | ||
|---|---|---|---|
| 005 | 20210219153046.0 | ||
| 008 | 991125n 000 0 spa u | ||
| 035 | _aUPN01000075110 | ||
| 100 | _aALLEN, David | ||
| 222 | _aREVISTA DE LA EDUCACION SUPERIOR | ||
| 245 | _aEl deseo de terminar el college : una relación empírica entre la motivación y la persistencia | ||
| 260 | _aMéxico | ||
| 300 | _a21-43 | ||
| 362 | _a2000 Vol. 29, no. 115 (jul.-sept.) | ||
| 653 | 0 | _aDESEMPEÑO ACADEMICO | |
| 653 | 0 | _aEDUCACION MEDIA SUPERIOR | |
| 653 | 0 | _aMOTIVACION | |
| 904 |
_aAC _b012921 |
||
| 905 | _aArticulo | ||
| 999 |
_c67334 _d67334 |
||